Statistiques concernant type pokémon

Cliquez ici pour prendre le quiz!

Statistiques générales

  • Ce quiz a été pris 54 fois
  • Le résultat moyen est 21 sur 30

Statistiques - réponses

QuestionTuileSelect% Correct
Quels sont les pokémons de type eau?Oui
96%
Quels sont les pokémons de type eau?Non
96%
Quels sont les pokémons de type feu?Non
94%
Quels sont les pokémons de type vol?Non
93%
Quels sont les pokémons de type feu?Non
93%
Quels sont les pokémons de type vol?Oui
89%
Quels sont les pokémons de type feu?Oui
89%
Quels sont les pokémons de type feu?Non
87%
Quels sont les pokémons de type feu?Non
87%
Quels sont les pokémons de type feu?Oui
85%
Quels sont les pokémons de type normal?Oui
85%
Quels sont les pokémons de type fée?Non
83%
Quels sont les pokémons de type vol?Oui
81%
Quels sont les pokémons de type normal?Non
81%
Quels sont les pokémons de type fée?Oui
80%
Quels sont les pokémons de type normal?Non
78%
Quels sont les pokémons de type eau?Non
76%
Quels sont les pokémons de type vol?Oui
72%
Quels sont les pokémons de type vol?Oui
65%
Quels sont les pokémons de type normal?Non
57%
Quels sont les pokémons de type eau?Oui
57%
Quels sont les pokémons de type fée?Oui
57%
Quels sont les pokémons de type fée?Oui
54%
Quels sont les pokémons de type fée?Oui
54%
Quels sont les pokémons de type eau?Non
52%
Quels sont les pokémons de type fée?Non
46%
Quels sont les pokémons de type normal?Non
35%
Quels sont les pokémons de type eau?Non
28%
Quels sont les pokémons de type normal?Non
24%
Quels sont les pokémons de type vol?Oui
20%

Distribution des résultats

Percentile par nombre de réponses

% des personnes avec chaque résultat

Votre développement - résultats

Vous n’avez pas pris ce quiz